01302nam a22003134c 4500003000900000008004100009020001800050040002500068041001800093080001100111100002600122245002600148264003100174300004100205336002700246337003300273338002800306490004200334500003500376520022000411521001300631650003700644650001500681700003500696942001400731999001300745952011600758952011400874AR-BaSMT240627t2019 enka|||ar|||| 000 1 ing d a9781474959896 aBSGBbespañolerda0 ainghInglés a82-34 1 aMackinnon, Mairi945014aThe Three Billy Goats aLondres : bUsborne,c2019 a24 páginas ; bilustraciones color 2rdacontentatextobtxt 2rdamediaasin mediaciónbn 2rdacarrieravolumenbnc aUsborne English Readers Starter Level aWith activities and free audio aA popular folk tale from Norway. Benny, Bert and Boris are three brother goats. They are looking for new grass to eat. There's plenty of new grass just over the bridge - but look out for the hungry troll on the way. aPrimaria 798aLITERATURA INFANTILvInglés 7923aCUENTO1 aBeckett, Kyle9482eIlustrador 2ddcaBOOK c646d646 00102ddc40aBSGBbBSGBcInglés - AzuleCompra feria del libro 2026i000963l0o82-34 MACp000963t1yBOOKf 00102ddc40aBSGBbBSGBcInglés - AzuleCompra feria del libro 2026i000924l0o82-34 MACp000924t2yBOOK